Алена Большая: Повести и рассказы

Bibliographic Details
Main Author: Герасин В. И. Виктор Иванович
Other Authors: Гаврилов В. В. (иллюстратор)
Summary:Исключено из фонда НТБ ТПУ
Language:Russian
Published: Воронеж, Центрально-Черноземное книжное изд-во, 1988
Format: Book
KOHA link:https://koha.lib.tpu.ru/cgi-bin/koha/opac-detail.pl?biblionumber=134968

MARC

LEADER 00000nam0a2200000 4500
001 134968
005 20231031135917.0
010 |a 5745801298 
020 |a RU  |b 88-40793 
035 |a (RuTPU)RU\TPU\book\146281 
090 |a 134968 
100 |a 20080407d1988 m y0rusy5003 ca 
101 0 |a rus 
102 |a RU 
105 |a a z 000ay 
200 1 |a Алена Большая  |e Повести и рассказы  |f В. И. Герасин  |g худож. В. В. Гаврилов 
210 |a Воронеж  |c Центрально-Черноземное книжное изд-во  |d 1988 
215 |a 271,[1] с.  |c ил.  |d 21 см 
333 |a Исключено из фонда НТБ ТПУ 
700 1 |a Герасин  |b В. И.  |g Виктор Иванович  |4 070 
702 1 |a Гаврилов  |b В. В.  |4 440 
801 0 |a RU  |b RuMRKP  |c 19950417  |g psbo 
801 1 |a RU  |b 63413507  |c 20080407  |g PSBO 
801 2 |a RU  |b 63413507  |c 20161111  |g PSBO 
942 |c BK